Linear circuits (Record no. 10791)

000 -LEADER
fixed length control field 00630nam a2200217 a 4500
001 - CONTROL NUMBER
control field 10791
003 - CONTROL NUMBER IDENTIFIER
control field BD-DhUET
008 - FIXED-LENGTH DATA ELEMENTS--GENERAL INFORMATION
fixed length control field 910613t19641960maua 001 0 eng d
040 ## - CATALOGING SOURCE
Original cataloging agency DLC
Transcribing agency DLC
Modifying agency BD-DhUET
082 04 - DEWEY DECIMAL CLASSIFICATION NUMBER
Classification number 623.01
Item number SCO/1960
100 1# - MAIN ENTRY--PERSONAL NAME
Personal name Scott, Ronald E.
245 10 - TITLE STATEMENT
Title Linear circuits
250 ## - EDITION STATEMENT
Edition statement 1st. ed.
260 ## - PUBLICATION, DISTRIBUTION, ETC. (IMPRINT)
Place of publication, distribution, etc. Reading
Name of publisher, distributor, etc. Addison-Wesley
Date of publication, distribution, etc. 1960
300 ## - PHYSICAL DESCRIPTION
Extent xii, 928 p.
Other physical details ill.
Dimensions 24 cm.
490 1# - SERIES STATEMENT
Series statement Addison-Wesley series in the engineering sciences. Electrical engineering
500 ## - GENERAL NOTE
General note part-1
time-domain analysis
650 #0 - SUBJECT ADDED ENTRY--TOPICAL TERM
Topical term or geographic name as entry element Electric circuits, Linear
700 1# - ADDED ENTRY--PERSONAL NAME
Personal name Essigmann, Martin W.
942 ## - ADDED ENTRY ELEMENTS (KOHA)
Koha item type General Book
Holdings
Koha item type Lost status Price effective from Koha normalized classification for sorting Koha full call number Copy number Date acquired Shelving location Not for loan Location (home branch) Sublocation or collection (holding branch) Piece designation (barcode) Source of classification or shelving scheme Withdrawn status Damaged status Koha date last seen
General Book 2015-02-10623_010000000000000_SCO_1960623.01/SCO/196012015-02-10Circulation section Central Library, BUETCentral Library, BUET79307   2015-02-10
General Book 2015-03-24623_010000000000000_SCO_1960623.01/SCO/196022015-03-24Circulation section Central Library, BUETCentral Library, BUET5400   2015-03-24
General Book 2015-03-30623_010000000000000_SCO_1960623.01/SCO/196032015-03-30Circulation section Central Library, BUETCentral Library, BUET24612   2015-03-30